000 00366 a2200169 4500
001 171183
020 _a85-262-4181-8
040 _cMagnum
100 _aShakespeare, William
240 1 0 _aRomeu e julieta
_lpor
245 1 0 _aRomeu e julieta
300 _a79
362 0 _a2002
440 1 _aScipione
697 _aLITERATURA JUVENIL ESTRANGEIRA
942 _cBK
999 _c171183
_d171183